Normal view
MARC view
- Curriculum planning
Entry Topical Term
001 - CONTROL NUMBER
- control field: 4266
003 - CONTROL NUMBER IDENTIFIER
- control field: NUST
005 - DATE AND TIME OF LATEST TRANSACTION
- control field: 20170825120128.0
008 - FIXED-LENGTH DATA ELEMENTS
- fixed length control field: 170825|| aca||aabn | a|a d
040 ## - CATALOGING SOURCE
- Original cataloging agency: NUST
- Transcribing agency: NUST
150 ## - HEADING--TOPICAL TERM
- Topical term or geographic name entry element: Curriculum planning
- Geographic subdivision: New Zealand.
670 ## - SOURCE DATA FOUND
- Source citation: Work cat.: (NUST)0: McGee, Clive. 4264, Teachers and curriculum decision-making /, 1997.
